000 00418nam a2200169Ia 4500
008 230524s9999 xx 000 0 und d
082 _a621.382
_bPAR
100 _aUdai Pareek
245 0 _aDesigning and Managing Human Resource Systems
250 _a3RD
260 _aNEW DELHI
_bOxford
_c1010
300 _aXV;836
500 _aQuantity Number: 3
650 _aManagement
700 _a T.V.Rao
942 _cBK
999 _c45433
_d45433